Catálogo público

Synopsis plantarum, quas initinere ad plagam aequinoctialem orbis novo, collegerunt Al. (Record no. 29700)

MARC details
000 -CABECERA
campo de control de longitud fija 01199nam a22003377a 4500
003 - IDENTIFICADOR DEL NÚMERO DE CONTROL
campo de control CHAP
005 - FECHA Y HORA DE LA ÚLTIMA TRANSACCIÓN
campo de control 20220329135024.0
008 - DATOS DE LONGITUD FIJA--INFORMACIÓN GENERAL
campo de control de longitud fija 971013c18221825 r 00010 d
010 ## - NÚMERO DE CONTROL DE LA BIBLIOTECA DEL CONGRESO
Número de control de LC 29700
011 ## - ENLACE DEL NUMERO DE CONTROL DE LA BIBLIOTECA DEL CONGRESO [OBSOLETO]
Número de control de LC 30672
035 ## - NÚMERO DE CONTROL DEL SISTEMA
Número de control de sistema 34784
040 ## - FUENTE DE LA CATALOGACIÓN
Centro/agencia transcriptor CHAP
082 ## - NÚMERO DE LA CLASIFICACIÓN DECIMAL DEWEY
Número de clasificación 581.98
Número de documento/Ítem K8
100 00 - ENTRADA PRINCIPAL--NOMBRE DE PERSONA
Nombre de persona Kunth, Karl Sigismund.
9 (RLIN) 64095
245 ## - MENCIÓN DE TÍTULO
Título Synopsis plantarum, quas initinere ad plagam aequinoctialem orbis novo, collegerunt Al.
260 ## - PUBLICACIÓN, DISTRIBUCIÓN, ETC.
Fecha de publicación, distribución, etc. 1822-1825
300 ## - DESCRIPCIÓN FÍSICA
Extensión 4 v.
490 ## - MENCIÓN DE SERIE
Mención de serie Voyage de Humboldt et Bonpland. Sixieme partie : botanique
590 ## - NOTA LOCAL (RLIN)
Nota local BATCH-UPD
Procedencia (VM) [OBSOLETO] 10
Condición del los carretes individuales (VM) [OBSOLETO] 20130110
-- UCH01
-- 2107
590 ## - NOTA LOCAL (RLIN)
Nota local BATCH-UPD
Procedencia (VM) [OBSOLETO] 10
Condición del los carretes individuales (VM) [OBSOLETO] 20130410
-- UCH01
-- 1418
590 ## - NOTA LOCAL (RLIN)
Nota local BATCH-UPD
Procedencia (VM) [OBSOLETO] 10
Condición del los carretes individuales (VM) [OBSOLETO] 20130914
-- UCH01
-- 0730
590 ## - NOTA LOCAL (RLIN)
Nota local CONVERSION
Procedencia (VM) [OBSOLETO] 10
Condición del los carretes individuales (VM) [OBSOLETO] 20130109
-- UCH01
-- 1317
650 14 - PUNTO DE ACCESO ADICIONAL DE MATERIA--TÉRMINO DE MATERIA
Término de materia o nombre geográfico como elemento de entrada Botánica
Subdivisión general América Latina.
9 (RLIN) 14487
830 0# - PUNTO DE ACCESO ADICIONAL DE SERIE-TÍTULO UNIFORME
Título uniforme Voyage de Humboldt et Bonpland. Sixieme partie : botanique
9 (RLIN) 120718
901 ## - ELEMENTOS DE DATOS A LOCAL LDA (RLIN)
a BK
942 ## - ELEMENTOS DE PUNTO DE ACCESO ADICIONAL (KOHA)
Tipo de ítem Koha Libro
949 ## - PROCESAMIENTO DE INFORMACIÓN LOCAL (OCLC)
a 581.98 K8
b BC
c BPP
d -80364
e BPP
h 9724
i 34784
s i
949 ## - PROCESAMIENTO DE INFORMACIÓN LOCAL (OCLC)
a 581.98 K8
b BC
c BPP
d -80365
e BPP
f c.2
h 9725
i 34784
s i
949 ## - PROCESAMIENTO DE INFORMACIÓN LOCAL (OCLC)
a 581.98 K8
b BC
c BPP
d -80367
e BPP
f v.3
h 9726
i 34784
s i
949 ## - PROCESAMIENTO DE INFORMACIÓN LOCAL (OCLC)
a 581.98 K8
b BC
c BPP
d -80369
e BPP
f v.4
h 9727
i 34784
s i
Holdings
Estado de retiro Estado de pérdida Fuente del sistema de clasificación o colocación Estado dañado Restricciones de uso No para préstamo Código de colección Localización permanente Ubicación/localización actual Fecha de adquisición Información codificada de la localización en otra ubicación Total de préstamos Signatura topográfica completa Código de barras Fecha visto por última vez Precio válido a partir de Tipo de ítem Koha Número de copia
    Dewey Decimal Classification   Préstamo interno   Fondo Reservado Biblioteca Central Biblioteca Central 31/12/2019 LIBRO   581.98 K8 -80364 31/12/2019 31/12/2019 Libro  
    Dewey Decimal Classification   Préstamo interno   Fondo Reservado Biblioteca Central Biblioteca Central 31/12/2019 LIBRO   581.98 K8 -80365 31/12/2019 31/12/2019 Libro c.2
    Dewey Decimal Classification   Préstamo interno   Fondo Reservado Biblioteca Central Biblioteca Central 31/12/2019 LIBRO   581.98 K8 -80367 31/12/2019 31/12/2019 Libro v.3
    Dewey Decimal Classification   Préstamo interno   Fondo Reservado Biblioteca Central Biblioteca Central 31/12/2019 LIBRO   581.98 K8 -80369 31/12/2019 31/12/2019 Libro v.4